| 000 | 00000nam 2200000zi 4500 |
| 001 | 9.938183 |
| 003 | CaOODSP |
| 005 | 20240724104432 |
| 006 | m o d f |
| 007 | cr |n||||||||| |
| 008 | 240506s2016 oncd o f|0| 0 eng d |
| 040 | |aCaOODSP|beng|erda|cCaOODSP |
| 043 | |an-cn--- |
| 086 | 1 |aA104-627/2016E-PDF |
| 245 | 00|aSafeguarding with science : |bglyphosate testing in 2015-2016. |
| 264 | 1|aOttawa : |bCanadian Food Inspection Agency = Agence canadienne d'inspection des aliments, |c[2016] |
| 300 | |a1 online resource (5 unnumbered pages) : |bcharts |
| 336 | |atext|btxt|2rdacontent |
| 337 | |acomputer|bc|2rdamedia |
| 338 | |aonline resource|bcr|2rdacarrier |
| 500 | |aIssued also in French under title: Sauvegarder grâce à la science : dépistage du glyphosate en 2015-2016. |
| 650 | 0|aGlyphosate|xTesting. |
| 650 | 0|aFood contamination|zCanada. |
| 710 | 2 |aCanadian Food Inspection Agency, |eissuing body. |
| 775 | 08|tSauvegarder grâce à la science : |w(CaOODSP)9.940937 |
| 856 | 40|qPDF|s744 KB|uhttps://publications.gc.ca/collections/collection_2024/acia-cfia/A104-627-2016-eng.pdf |